တၢင်းႁၼ်ထိုင်လူၺ်ႈထမ်ႇ မၢႆ - 4 / (Record no. 25451)
[ view plain ]
| 000 -LEADER | |
|---|---|
| fixed length control field | 01174nam a22002297a 4500 |
| 003 - CONTROL NUMBER IDENTIFIER | |
| control field | OSt |
| 005 - DATE AND TIME OF LATEST TRANSACTION | |
| control field | 20260123084640.0 |
| 008 - FIXED-LENGTH DATA ELEMENTS--GENERAL INFORMATION | |
| fixed length control field | 230607b ||||| |||| 00| 0 eng d |
| 040 ## - CATALOGING SOURCE | |
| Transcribing agency | SSBUL |
| 041 ## - LANGUAGE CODE | |
| Language code of text/sound track or separate title | Shan |
| 082 ## - DEWEY DECIMAL CLASSIFICATION NUMBER | |
| Edition number | 23 |
| Classification number | 294.3443 |
| 100 0# - MAIN ENTRY--PERSONAL NAME | |
| Personal name | ထမ်ႇမသႃႇမိ၊ |
| Titles and words associated with a name | ၸဝ်ႈၶူးလူင် Prof. Dr. ၶမ်းမၢႆ။ |
| 245 10 - TITLE STATEMENT | |
| Title | တၢင်းႁၼ်ထိုင်လူၺ်ႈထမ်ႇ မၢႆ - 4 / |
| Statement of responsibility, etc. | ၸဝ်ႈၶူးလူင် Prof. Dr. ၶမ်းမၢႆ ထမ်ႇမသႃႇမိ။ |
| 260 ## - PUBLICATION, DISTRIBUTION, ETC. | |
| Place of publication, distribution, etc. | တူၼ်ႈတီး၊ |
| Name of publisher, distributor, etc. | ဢွင်ႇပၢၼ်းၽိဝ်ႇ၊ |
| Date of publication, distribution, etc. | 2019 ။ |
| 300 ## - PHYSICAL DESCRIPTION | |
| Extent | D ၊ 189 ၼႃႈ၊ |
| Other physical details | ပႃးႁၢင်ႈ၊ |
| Dimensions | 21 ၸိၼ်ႇတီႇ။ |
| 500 ## - GENERAL NOTE | |
| General note | မၢႆတွင်းဝၼ်းၵိူတ်ႇ ၶူပ်းထူၼ်ႈ(55) ပီတဵမ် ၸဝ်ႈၶူးလူင် တွၵ်ႉတိူဝ်ႇ ၶမ်းမၢႆ ထမ်ႇမသႃႇမိ။ |
| General note | S-SAT: Dr. Prof Sai Aung Tun |
| 650 ## - SUBJECT ADDED ENTRY--TOPICAL TERM | |
| Topical term or geographic name entry element | တြႃးၽြႃးပဵၼ်ၸဝ်ႈ |
| 942 ## - ADDED ENTRY ELEMENTS (KOHA) | |
| Koha item type | Books (Long term) |
| 100 0# - MAIN ENTRY--PERSONAL NAME | |
| 9 (RLIN) | 25425 |
| Source of classification or shelving scheme | |
| Source of classification or shelving scheme | |
| Withdrawn status | Lost status | Source of classification or shelving scheme | Damaged status | Not for loan | Collection Code | Permanent Location | Current Location | Shelving location | Date acquired | Total Checkouts | Full call number | Barcode | Date last seen | Date last checked out | Price effective from | Koha item type | Accession | Total Renewals |
|---|---|---|---|---|---|---|---|---|---|---|---|---|---|---|---|---|---|---|
| Tai Collection | Shan State Buddhist University Library | Shan State Buddhist University Library | Tai Shelves | 07/06/2023 | 2 | 294.3443 ထမ်ႇ ႑႔႘႔(1) | SH00001484 | 06/09/2024 | 12/08/2024 | 07/06/2023 | Books (Long term) | ႑႔႘႔(1) | ||||||
| Tai Collection | Shan State Buddhist University Library | Shan State Buddhist University Library | Tai Shelves | 07/06/2023 | 1 | 294.3443 ထမ်ႇ ႑႔႘႕(2) | SH00001485 | 03/03/2026 | 16/02/2026 | 07/06/2023 | Books (Long term) | ႑႔႘႕(2) | 1 | |||||
| Tai Collection | Shan State Buddhist University Library | Shan State Buddhist University Library | Tai Shelves | 07/06/2023 | 6 | 294.3443 ထမ်ႇ ႑႔႘႖(3) | SH00001486 | 08/04/2026 | 03/04/2026 | 07/06/2023 | Books (Long term) | ႑႔႘႖(3) | ||||||
| Tai Collection | Shan State Buddhist University Library | Shan State Buddhist University Library | Tai Shelves | 07/06/2023 | 5 | 294.3443 ထမ်ႇ ႑႔႘႗(4) | SH00001487 | 28/02/2026 | 18/02/2026 | 07/06/2023 | Books (Long term) | ႑႔႘႗(4) | ||||||
| Tai Collection | Shan State Buddhist University Library | Shan State Buddhist University Library | Tai Shelves | 07/06/2023 | 3 | 294.3443 ထမ်ႇ ႑႔႘႘(5) | SH00001488 | 26/02/2024 | 13/02/2024 | 07/06/2023 | Books (Long term) | ႑႔႘႘(5) | ||||||
| Tai Collection | Shan State Buddhist University Library | Shan State Buddhist University Library | Tai Shelves | 07/06/2023 | 294.3443 ထမ်ႇ ႑႔႘႙(1) S-SAT | SH00001489 | 07/06/2023 | 07/06/2023 | Books (Long term) | ႑႔႘႙(1) S-KD | ||||||||
| Tai Collection | Shan State Buddhist University Library | Shan State Buddhist University Library | Tai Shelves | 07/06/2023 | 294.3443 ထမ်ႇ ႑႔႙႐(2) S-KD | SH00001490 | 07/06/2023 | 07/06/2023 | Books (Long term) | ႑႔႙႐(2) S-KD |